| 000 | 00606nam a2200241 a 4500 | ||
|---|---|---|---|
| 001 | nice12345678 | ||
| 003 | IN_TiNIC | ||
| 005 | 20260116015208.0 | ||
| 008 | 050524s0000 puna grp 000 0 eng | ||
| 020 |
_a _c100 |
||
| 082 | 0 | 0 |
_a297 _bISH |
| 100 | _aIshwani, Communication | ||
| 245 |
_aIslam _b Audeo-Visual Tape and Slides |
||
| 260 |
_aPune _bIshwani Communication _c0000 |
||
| 300 | _a00p | ||
| 500 | _aincludes index and biblioraphy | ||
| 505 | 2 | _aAudeo-Visual | |
| 650 | _aIslam-Meccan Trade | ||
| 700 | 1 | _aIshwani, Communication | |
| 902 | _bSRS | ||
| 942 | _cBK | ||
| 999 |
_c18713 _d18713 |
||